Statistics for Dubai International Airport Destinations (Dubai, UAE)

Click here to take the quiz!

General Stats

  • This quiz has been taken 112 times
  • The average score is 175 of 272

Answer Stats

AirlineDestination% Correct
EmiratesNew York (JFK)
99%
Air France/EmiratesParis (Charles de Gaulle)
99%
Egyptair/EmiratesCairo
97%
EmiratesLondon (Gatwick)
97%
British Airways/Emirates/Royal Brunei AirlinesLondon (Heathrow)
97%
EmiratesLondon (Stansted)
97%
EmiratesAthens
96%
Air India/Emirates/ flydubai/IndiGo/SpiceJetDelhi
96%
Emirates/LufthansaFrankfurt
96%
Emirates/flydubai/Jordan Aviation/Royal JordanianAmman (Queen Alia)
94%
Emirates/KLM/TransaviaAmsterdam
94%
Air China/EmiratesBeijing (Capital)
94%
SmartLynx AirlinesBerlin
94%
Emirates/Royal Air MarocCasablanca
94%
Cathay Pacific/EmiratesHong Kong
94%
Emirates/flydubai/Flynas/SaudiaJeddah
94%
EmiratesLos Angeles
94%
EmiratesMadrid
94%
EmiratesRome (Fiumicino)
94%
Emirates/Korean AirSeoul (Incheon)
94%
Emirates/Singapore AirlinesSingapore
94%
Air Canada/EmiratesToronto (Pearson)
94%
Emirates/flydubai/Iraqi AirwaysBaghdad
93%
Finnair/flydubaiHelsinki
93%
airblue/Emirates/Pakistan International Airlines/SereneAirIslamabad
93%
Emirates/Turkish AirlinesIstanbul
93%
AnadoluJet/Emirates/flydubai/Pegasus AirlinesIstanbul (Sabiha Gokcen)
93%
Emirates/flydubai/Jazeera Airways/Kuwait AirwaysKuwait City
93%
Emirates/Ural AirlinesMoscow (Domodedovo)
93%
AeroflotMoscow (Sheremetyevo)
93%
Azur Air/flydubai/Rossiya AirlinesMoscow (Vnukovo)
93%
flydubaiMoscow (Zhukovsky)
93%
Air India/Emirates/ flydubai/IndiGo/SpiceJet/VistaraMumbai
93%
Emirates/flydubai/Oman AirMuscat
93%
Arkia/El Al/Emirates/flydubai/IsrairTel Aviv
93%
EmiratesTokyo (Haneda)
93%
EmiratesTokyo (Narita)
93%
Air AlgerieAlgiers
91%
EmiratesBarcelona
91%
EmiratesManchester
91%
Emirates/LufthansaMunich
91%
EmiratesTunis
91%
Emirates/Swiss International Air LinesZurich
91%
Egyptair/flydubaiAlexandria
90%
EmiratesBoston
90%
Emirates/flydubai/Wizz AirBudapest
90%
flydubai/Qatar AirwaysDoha
90%
EmiratesDublin
90%
Emirates/Flyadeal/ flydubai/Flynas/SaudiaRiyadh
90%
Emirates/flydubaiSaint Petersburg
90%
EmiratesSan Francisco
90%
Emirates/flydubai/Iran Airtour/Mahan Air/Qeshm AirTehran (Imam Khomeini)
90%
flydubai/Pegasus AirlinesAnkara
88%
Air Astana/flydubaiAstana
88%
Azerbaijan Airlines/flydubaiBaku
88%
EmiratesBrussels
88%
Emirates/FitsAir/flydubai/SriLankan AirlinesColombo (Bandaranaike)
88%
EmiratesJakarta (Soekarno-Hatta)
88%
airblue/Emirates/flydubai/Pakistan International AirlinesKarachi
88%
airblue/Emirates/Pakistan International Airlines/SereneAirLahore
88%
EmiratesLisbon
88%
EmiratesMilan (Malpensa)
88%
EmiratesShanghai (Pudong)
88%
EmiratesStockholm (Arlanda)
88%
EmiratesSydney
88%
Emirates/Enter Air/flydubai/LOT Polish AirlinesWarsaw (Chopin)
88%
EmiratesCape Town
87%
Air Peace/EmiratesLagos
87%
EmiratesMiami
87%
flydubai/Uzbekistan AirwaysTashkent
87%
EmiratesVienna
87%
EmiratesBangkok (Suvarnabhumi)
85%
Emirates/flydubai/Middle East AirlinesBeirut
85%
EmiratesChicago (O'Hare)
85%
EmiratesDallas/Fort Worth
85%
Syrian AirDamascus
85%
China Southern Airlines/EmiratesGuangzhou
85%
EmiratesHouston (Intercontinental)
85%
EmiratesJohannesburg (O.R. Tambo)
85%
EmiratesOslo
85%
flydubai/Wizz AirBucharest (Otopeni)
84%
EmiratesCopenhagen
84%
EmiratesGeneva
84%
EmiratesHanoi
84%
Ariana Afghan Airlines/Emirates/flydubai/Kam AirKabul
84%
EmiratesMexico City
84%
EmiratesOsaka (Kansai)
84%
Emirates/Ethiopian Airlines/flydubaiAddis Ababa
82%
EmiratesBirmingham
82%
Emirates/flydubaiKolkata
82%
EmiratesKuala Lumpur (International)
82%
Cebu Pacific/Emirates/Philippine AirlinesManila
82%
Emirates/Kenya AirlinesNairobi (Jomo Kenyatta)
82%
EmiratesNice
82%
EmiratesPerth
82%
EmiratesVenice
82%
Air India/Emirates/flydubai/IndiGoChennai
81%
Biman Bangladesh Airlines/Emirates/flydubai/US-Bangla AirlinesDhaka
81%
EmiratesGlasgow
81%
EmiratesHo Chi Minh City
81%
flydubai/Nepal AirlinesKathmandu
81%
LuxairLuxembourg
81%
EmiratesMelbourne
81%
BelaviaMinsk
81%
Emirates/flydubai/SmartwingsPrague
81%
EmiratesSao Paulo (Guarulhos)
81%
EmiratesSeattle/Tacoma
81%
EmiratesTaipei (Taoyuan)
81%
Air Astana/flydubaiAlmaty
79%
EmiratesAuckland
79%
Emirates/IndiGoBangalore
79%
flydubaiBelgrade
79%
EmiratesHamburg
79%
EmiratesLyon
79%
Emirates/flydubai/SaudiaMedina
79%
airBalticRiga
79%
flydubai/Turkmenistan AirlinesAshgabat
78%
Air India/Emirates/flydubai/IndiGoHyderabad
78%
flydubai/SunExpressIzmir
78%
flydubaiKrakow
78%
flydubai/Wizz AirSofia
78%
EmiratesWashington (Dulles)
78%
flydubai/FLYONE ArmeniaYerevan
78%
Air Peace/EmiratesAbuja
76%
EmiratesAccra
76%
Emirates/flydubai/Gulf AirBahrain
76%
EmiratesBuenos Aires (Ezeiza)
76%
Emirates/flydubaiDar es Salaam
76%
EmiratesDenpasar
76%
SunExpressAntalya
75%
flydubai/Myanmar Airways InternationalYangon
75%
Emirates/flydubai/IndiGo/SpiceJetAhmedabad
74%
Sichuan AirlinesChengdu (Tianfu)
74%
flydubai/Somon AirDushanbe
74%
Badr Airlines/Emirates/flydubaiKhartoum
74%
RwandAirKigali
74%
Daallo Airlines/flydubai/Jubba AirwaysMogadishu
74%
Emirates/United AirlinesNewark
74%
flydubai/Iran AirLar
72%
Emirates/flydubaiMale
72%
EmiratesOrlando
72%
flydubaiTbilisi
72%
flydubaiZagreb
72%
Royal Brunei AirlinesBandar Seri Begawan
71%
EmiratesBrisbane
71%
EmiratesLuanda
71%
flydubaiNaples
71%
flydubaiSarajevo
71%
flydubaiTirana
71%
EmiratesDakar (Diass)
69%
Emirates/flydubai/Flynas/SaudiaDammam
69%
EmiratesDusseldorf
69%
flydubaiBishkek
68%
Emirates/flydubai/Iraqi AirwaysErbil
68%
Cyprus Airways/EmiratesLarnaca
66%
Air ChinaChongqing
65%
EmiratesPhuket
65%
flydubai/Ural AirlinesYekaterinburg
65%
EmiratesMalta
63%
flydubaiSochi
63%
EmiratesAbidjan
62%
Air India/Air India ExpressGoa (Dabolim)
62%
Air India Express/SpiceJetJaipur
62%
flydubaiKazan
62%
China Southern AirlinesShenzhen
62%
SmartwingsBratislava
60%
EmiratesNewcastle upon Tyne
60%
Biman Bangladesh Airlines/flydubaiChittagong
59%
flydubaiJuba
59%
Kenya AirlinesMombasa
59%
flydubai/S7 AirlinesNovosibirsk
59%
Emirates/flydubai/Uganda AirlinesEntebbe
57%
EmiratesHarare
57%
Azur Air Ukraine/flydubai/SkyUp/Ukraine International AirlinesKyiv (Boryspil)
57%
EmiratesLusaka
57%
Emirates/flydubai/Iraqi AirwaysBasra
56%
flydubaiLjubljana
56%
flydubaiAsmara
54%
EmiratesChristchurch
54%
EmiratesMauritius
54%
flydubaiZanzibar
54%
EmiratesBologna
53%
flydubaiDjibouti
53%
EmiratesDurban
53%
Azimuth/flydubaiRostov-on-Don
53%
EmiratesCebu
51%
flydubaiDubrovnik
51%
Air India/Air India Express/ Emirates/flydubai/IndiGo/SpiceJetKochi
51%
SpiceJetPune
51%
Air India Express/flydubai/IndiGoLucknow
50%
airblue/Emirates/Pakistan International Airlines/SereneAirPeshawar
50%
EmiratesRio de Janeiro (Galeao)
50%
flydubai/Iran AirtourMashhad
49%
flydubai/Ural AirlinesSamara
49%
flydubaiBodrum
47%
flydubaiSalzburg
47%
flydubaiIsfahan
46%
flydubaiMykonos
44%
flydubaiPerm
44%
flydubai/Iran Air/Qeshm AirShiraz
44%
flydubaiSantorini
43%
flydubaiUfa
43%
Air India Express/IndiGo/SpiceJetAmritsar
41%
Air India Express/IndiGoMangalore
41%
Ural AirlinesChelyabinsk
40%
EmiratesConakry
40%
flydubai/Pakistan International AirlinesFaisalabad
40%
flydubaiKrasnodar
40%
China Eastern AirlinesQingdao
40%
EmiratesMahe
38%
flydubaiPisa
38%
Emirates/flydubaiSalalah
38%
Biman Bangladesh AirlinesSylhet
38%
Air India Express/Emirates/IndiGoThiruvananthapuram
38%
flydubaiBatumi
37%
flydubaiCatania
37%
airblue/flydubai/Pakistan International AirlinesMultan
37%
flydubai/Iraqi AirwaysNajaf
37%
flydubaiCorfu
35%
flydubaiGrozny
35%
flydubaiKilimanjaro
35%
Air India Express/flydubai/IndiGo/SpiceJetKozhikode
34%
flydubaiPort Sudan
32%
Iran Air/Qeshm AirQeshm
32%
Emirates/flydubai/Pakistan International AirlinesSialkot
32%
flydubaiBergamo
31%
flydubaiTrabzon
31%
Air India ExpressIndore
29%
flydubaiKutaisi
29%
Syrian AirLatakia
29%
flydubaiMineralnye Vody
29%
flydubaiQuetta
28%
FlyArystan/flydubaiShymkent
28%
flydubai/Iran AirBandar Abbas
26%
flydubaiTivat
26%
Uzbekistan AirwaysFergana
25%
SpiceJetMadurai
25%
flydubaiMakhachkala
25%
EmiratesClark
24%
Air India Express/Go FirstKannur
24%
Air India Express/IndiGoTiruchirappalli
24%
flydubaiAbha
22%
Daallo Airlines/flydubai/Jubba AirwaysHargeisa
22%
flydubaiKrabi
22%
SmartwingsOstrava
22%
Yamal AirlinesTyumen
22%
Iran Air/Karun AirlinesAhvaz
21%
FlyArystanAktobe
21%
IndiGoBhubaneswar
21%
flydubai/SaudiaNeom Bay
21%
flydubaiPattaya (U-Tapao)
21%
flydubaiTa'if
21%
flydubaiAl Ula
19%
flydubaiJizan
19%
flydubaiOdesa
19%
flydubaiSohar
19%
IndiGoChandigarh
18%
flydubaiHa'il
18%
flydubaiTabuk
18%
flydubaiHofuf
16%
flydubaiNamangan
15%
FlyArystanOral
15%
flydubaiSohag
15%
flydubaiSulaimaniyah
15%
Jubba AirwaysBosaso
13%
flydubaiGassim
13%
flydubaiNajran
13%
flydubaiQabala
12%
flydubaiAl Qaisumah
10%
FlyArystanAkatu
9%
flydubaiSamarakand
7%
flydubaiCarliari
6%

Score Distribution

Percentile by Number Answered

Percent of People with Each Score

Your Score History

You have not taken this quiz